[Event "46th World Open"]
[Site "Philadelphia"]
[Date "2018.07.06"]
[Round "5"]
[White "Li, Ruifeng"]
[Black "Lee, Michael"]
[Result "1-0"]
[WhiteElo "2583"]
[BlackElo "2414"]
[PlyCount "69"]
[EventDate "2018.07.??"]
[EventType "swiss"]
[EventRounds "9"]
[EventCountry "USA"]

1. e4 e5 2. Nf3 Nf6 3. Nc3 Nc6 4. Bb5 Bc5 5. Nxe5 Nxe5 6. d4 Bd6 7. f4 Nc6 8.
e5 Bb4 9. O-O O-O 10. d5 Bxc3 11. bxc3 Ne4 12. Qe1 f5 13. exf6 Nxf6 14. dxc6
bxc6 15. Bd3 Re8 16. Qh4 Qe7 17. f5 d5 18. Kh1 Qc5 19. Rb1 a5 20. g4 Ne4 21. g5
Rf8 22. g6 hxg6 23. Ba3 g5 24. Bxc5 gxh4 25. Bxf8 Kxf8 26. Bxe4 dxe4 27. Rf4 c5
28. Rxh4 Kg8 29. Rxe4 Bxf5 30. Re5 Bxc2 31. Rb2 Bd3 32. Rxc5 c6 33. Kg1 Be4 34.
Re2 Bf3 35. Re3 1-0

[Event "46th World Open"]
[Site "Philadelphia"]
[Date "2018.07.06"]
[Round "5"]
[White "Lin, Andy"]
[Black "Kiewra, Keaton"]
[Result "1/2-1/2"]
[WhiteElo "2230"]
[BlackElo "2367"]
[PlyCount "60"]
[EventDate "2018.07.??"]
[EventType "swiss"]
[EventRounds "9"]
[EventCountry "USA"]

1. Nf3 g6 2. d4 Nf6 3. g3 Bg7 4. Bg2 O-O 5. c4 d5 6. cxd5 Nxd5 7. O-O Nb6 8.
Nc3 Nc6 9. d5 Na5 10. Qc2 c6 11. dxc6 Nxc6 12. Rd1 Bf5 13. e4 Bd7 14. Qe2 Qc8
15. Be3 Bg4 16. Rac1 Re8 17. Nd5 e6 18. Nc3 e5 19. Nd5 Qb8 20. h3 Nxd5 21. exd5
Nd4 22. Bxd4 exd4 23. Qd2 Bxf3 24. Bxf3 Qd6 25. Rc2 h5 26. h4 Be5 27. Kg2 Kg7
28. Qd3 Re7 29. Re2 Rae8 30. Rde1 Bf6 1/2-1/2

[Event "46th World Open"]
[Site "Philadelphia"]
[Date "2018.07.06"]
[Round "5"]
[White "Liu, Zhaoqi"]
[Black "Raja Harshit"]
[Result "0-1"]
[WhiteElo "2118"]
[BlackElo "2442"]
[PlyCount "86"]
[EventDate "2018.07.??"]
[EventType "swiss"]
[EventRounds "9"]
[EventCountry "USA"]

1. d4 Nf6 2. c4 e6 3. Nc3 Bb4 4. f3 d5 5. a3 Bxc3+ 6. bxc3 O-O 7. cxd5 exd5 8.
e3 Bf5 9. Ne2 Re8 10. Ng3 Bg6 11. h4 h5 12. Bd3 Bxd3 13. Qxd3 c5 14. Kf2 Nc6
15. Qf5 Qa5 16. Qg5 Nd8 17. Ne2 Ne6 18. Qf5 Rac8 19. Qd3 Qa4 20. Rb1 b6 21. Qd1
Qc4 22. a4 Rc7 23. Re1 g6 24. g3 Ng7 25. Qb3 Qa6 26. Ba3 Qc8 27. dxc5 Qh3 28.
Rh1 Qe6 29. e4 Qe5 30. cxb6 Rb7 31. c4 dxe4 32. Bb2 Qf5 33. Bxf6 Rxb6 34. Qc3
Rxf6 35. Nf4 e3+ 36. Ke2 Ne6 37. Nd5 Qxf3+ 38. Kd3 Qf5+ 39. Ke2 Qf2+ 40. Kd3
Nc5+ 41. Kd4 e2+ 42. Ne3 Rf5 43. Qc1 Re4+ 0-1

[Event "46th World Open"]
[Site "Philadelphia"]
[Date "2018.07.06"]
[Round "5"]
[White "Nestorovic, Nikola"]
[Black "Wang, Justin"]
[Result "1/2-1/2"]
[WhiteElo "2450"]
[BlackElo "2349"]
[PlyCount "86"]
[EventDate "2018.07.??"]
[EventType "swiss"]
[EventRounds "9"]
[EventCountry "USA"]

1. e4 e5 2. Nf3 Nc6 3. Bc4 Nf6 4. d3 Be7 5. O-O O-O 6. a4 d6 7. Nbd2 Na5 8. Ba2
c5 9. c3 Nc6 10. Re1 Be6 11. Nc4 h6 12. h3 Re8 13. Bd2 a6 14. a5 Bxc4 15. Bxc4
Nxa5 16. Ba2 Bf8 17. Nh4 Rc8 18. Qf3 c4 19. Rad1 b5 20. Nf5 Kh7 21. g4 g6 22.
Ng3 Ng8 23. dxc4 bxc4 24. Qxf7+ Bg7 25. Be3 Nf6 26. Qa7 Rc6 27. Bc1 Rb6 28. Be3
Rc6 29. Bc1 Rb6 30. Be3 Rxb2 31. Bb1 Qa8 32. Qc7 Qd8 33. Qa7 Qc8 34. Rxd6 Qb8
35. Qxa6 Rxb1 36. Rxb1 Qxb1+ 37. Kh2 Nxe4 38. Nxe4 Qxe4 39. Qxa5 Ra8 40. Qd5
Qxd5 41. Rxd5 Ra3 42. Bd2 e4 43. Rd7 Kg8 1/2-1/2

[Event "46th World Open"]
[Site "Philadelphia"]
[Date "2018.07.06"]
[Round "5"]
[White "Niemann, Hans"]
[Black "Chen, Forest"]
[Result "1-0"]
[WhiteElo "2313"]
[BlackElo "2107"]
[PlyCount "111"]
[EventDate "2018.07.??"]
[EventType "swiss"]
[EventRounds "9"]
[EventCountry "USA"]

1. e4 c6 2. Nc3 d5 3. d4 dxe4 4. Nxe4 Bf5 5. Ng3 Bg6 6. h4 h6 7. Nh3 Nf6 8. Nf4
Bh7 9. Bc4 e6 10. Be3 Nd5 11. Qd2 Nd7 12. Bd3 Bxd3 13. Nxd3 Qc7 14. Ne4 O-O-O
15. O-O-O Be7 16. f4 N7f6 17. Nxf6 Bxf6 18. c3 h5 19. Bf2 Ne7 20. g3 Nf5 21.
Qc2 Rd5 22. Kb1 g6 23. Rc1 Rhd8 24. Rhd1 Kb8 25. Nc5 Be7 26. Nb3 Bf6 27. Qe2
Qe7 28. Re1 Qc7 29. Qc4 Qb6 30. Qa4 Qb5 31. Qxb5 cxb5 32. a3 b6 33. Kc2 Kb7 34.
Kd3 R5d7 35. Ra1 Nh6 36. a4 Ng4 37. Bg1 bxa4 38. Rxa4 e5 39. Rea1 a5 40. fxe5
Bxe5 41. Nd2 Bxg3 42. b4 Ne5+ 43. Kc2 Nc6 44. bxa5 bxa5 45. Nb3 Rd6 46. Nc5+
Kc8 47. Ne4 Bxh4 48. Nxd6+ Rxd6 49. d5 g5 50. dxc6 Rxc6 51. Rxa5 Kd7 52. Ra7+
Ke6 53. R7a6 Rxa6 54. Rxa6+ Kd5 55. Kd3 f5 56. Bd4 1-0

[Event "46th World Open"]
[Site "Philadelphia"]
[Date "2018.07.06"]
[Round "5"]
[White "Peng, David"]
[Black "Lou, Yiping"]
[Result "0-1"]
[WhiteElo "2363"]
[BlackElo "2487"]
[PlyCount "66"]
[EventDate "2018.07.??"]
[EventType "swiss"]
[EventRounds "9"]
[EventCountry "USA"]

1. e4 e6 2. d4 d5 3. Nd2 c5 4. exd5 Qxd5 5. dxc5 Bxc5 6. Ngf3 Nf6 7. Bc4 Qc6 8.
Qe2 O-O 9. Nb3 Bd6 10. Bg5 Nbd7 11. O-O-O Qc7 12. Kb1 a6 13. Bd3 Re8 14. Nbd2
Nd5 15. Nc4 Bf8 16. Bh4 g6 17. Bg3 Qc5 18. Nfd2 N7f6 19. Nb3 Qb4 20. c3 Qa4 21.
Nd4 b5 22. Nd6 Rd8 23. Nxf7 Kxf7 24. Nc6 Bb7 25. Nxd8+ Rxd8 26. h4 Qg4 27. Qc2
Rc8 28. Qd2 Ne4 29. Bxe4 Qxe4+ 30. Ka1 Bg7 31. f3 Qa4 32. Rc1 b4 33. cxb4 Nxb4
0-1

[Event "46th World Open"]
[Site "Philadelphia"]
[Date "2018.07.06"]
[Round "5"]
[White "Sevian, Samuel"]
[Black "Flom, Gabriel"]
[Result "1-0"]
[WhiteElo "2624"]
[BlackElo "2515"]
[PlyCount "47"]
[EventDate "2018.07.??"]
[EventType "swiss"]
[EventRounds "9"]
[EventCountry "USA"]

1. e4 e6 2. d4 d5 3. Nc3 Nf6 4. e5 Nfd7 5. f4 c5 6. Nf3 Nc6 7. Be3 a6 8. Qd2 b5
9. Bd3 Qb6 10. Qf2 cxd4 11. Nxd4 Nxd4 12. Bxd4 Bc5 13. Ne2 b4 14. O-O a5 15. f5
exf5 16. Bxf5 Bxd4 17. Nxd4 O-O 18. Rae1 Nc5 19. Bxc8 Raxc8 20. Nf5 Rce8 21. e6
f6 22. Qd4 Kh8 23. e7 Rg8 24. Nh6 1-0

[Event "46th World Open"]
[Site "Philadelphia"]
[Date "2018.07.06"]
[Round "5"]
[White "Shetty, Atulya"]
[Black "Gorovets, Andrey"]
[Result "1/2-1/2"]
[WhiteElo "2382"]
[BlackElo "2498"]
[PlyCount "88"]
[EventDate "2018.07.??"]
[EventType "swiss"]
[EventRounds "9"]
[EventCountry "USA"]

1. c4 Nf6 2. g3 e6 3. Bg2 d5 4. Nf3 Be7 5. b3 a5 6. Ba3 a4 7. Bxe7 Qxe7 8. Nc3
axb3 9. axb3 Na6 10. O-O O-O 11. Qc1 b6 12. Qa3 c5 13. d4 Bb7 14. cxd5 exd5 15.
Qb2 Ne4 16. e3 Nb4 17. Rxa8 Rxa8 18. Rd1 c4 19. bxc4 dxc4 20. Nxe4 Bxe4 21. Ne5
Ra2 22. Qc3 Rc2 23. Qa3 Ra2 24. Qc3 Bxg2 25. Kxg2 Nd5 26. Qe1 b5 27. Rb1 Qb7
28. Kg1 c3 29. e4 c2 30. Rc1 Nf6 31. Nd3 Qxe4 32. Qxe4 Nxe4 33. Nb4 Rb2 34.
Rxc2 Rb1+ 35. Kg2 g5 36. Nd5 Rd1 37. Rb2 Rxd4 38. Rxb5 Rd2 39. Ne7+ Kf8 40. Nf5
f6 41. Rb7 h5 42. Rb8+ Kf7 43. Rb7+ Kf8 44. Rb8+ Kf7 1/2-1/2

[Event "46th World Open"]
[Site "Philadelphia"]
[Date "2018.07.06"]
[Round "5"]
[White "Sohal, Tanraj"]
[Black "Puranik, Abhimanyu"]
[Result "0-1"]
[WhiteElo "2299"]
[BlackElo "2507"]
[PlyCount "90"]
[EventDate "2018.07.??"]
[EventType "swiss"]
[EventRounds "9"]
[EventCountry "USA"]

1. d4 Nf6 2. c4 g6 3. f3 Nc6 4. d5 Ne5 5. e4 d6 6. Nc3 Bg7 7. Be2 c6 8. f4 Ned7
9. Nh3 O-O 10. Nf2 a6 11. O-O cxd5 12. cxd5 b5 13. Be3 Re8 14. Rc1 Nb6 15. b3
b4 16. Nb1 Bb7 17. Nd2 e6 18. dxe6 Rxe6 19. Bd4 Nc8 20. Bf3 Na7 21. Ba1 Nb5 22.
e5 Nd5 23. Nc4 dxe5 24. fxe5 Nbc3 25. Bxc3 bxc3 26. Bxd5 Bxd5 27. Rxc3 Bxc4 28.
Rxc4 Rxe5 29. Rd4 Qa5 30. Re4 Rd8 31. Rxe5 Bxe5 32. Qf3 Qxa2 33. Ng4 Bd4+ 34.
Kh1 f5 35. Nh6+ Kg7 36. Qg3 Rd5 37. h4 Qc2 38. Re1 Bf6 39. Qf4 Rd1 40. Rxd1
Qxd1+ 41. Kh2 Qd4 42. Nxf5+ gxf5 43. Qxf5 Qxh4+ 44. Kg1 Qe1+ 45. Kh2 Be5+ 0-1

[Event "46th World Open"]
[Site "Philadelphia"]
[Date "2018.07.06"]
[Round "5"]
[White "Tanenbaum, Zachary"]
[Black "Mahajan, Rushaan"]
[Result "1-0"]
[WhiteElo "2107"]
[BlackElo "1905"]
[PlyCount "105"]
[EventDate "2018.07.??"]
[EventType "swiss"]
[EventRounds "9"]
[EventCountry "USA"]

1. e4 e5 2. Nf3 Nc6 3. Bc4 Nf6 4. d3 Be7 5. O-O d6 6. a4 Na5 7. Ba2 Be6 8. Bxe6
fxe6 9. d4 exd4 10. Nxd4 Qd7 11. Qd3 c5 12. Nf3 Nc6 13. Nc3 O-O 14. Bg5 Ng4 15.
Rad1 Rad8 16. Bxe7 Qxe7 17. h3 Nge5 18. Nxe5 Nxe5 19. Qg3 Rf6 20. Nb5 Rg6 21.
Qe3 a6 22. Nc3 Rf8 23. f4 Nc6 24. Ne2 d5 25. c3 Rgf6 26. Qf3 d4 27. cxd4 cxd4
28. Qb3 Rd8 29. e5 Rff8 30. Rf3 Qc5 31. Qxe6+ Kh8 32. Kh2 Qc2 33. Re1 d3 34.
Nc3 Nd4 35. Qg4 Nxf3+ 36. Qxf3 Qxb2 37. Ne4 d2 38. Rd1 Qc2 39. e6 Rfe8 40. Ng5
Rd3 41. Qh5 Rxh3+ 42. gxh3 Re7 43. Qe2 Qxa4 44. Qxd2 h6 45. Nf7+ Kh7 46. f5 Qe4
47. Qd3 Qf4+ 48. Kg2 Re8 49. Rf1 Qa4 50. f6+ g6 51. Ne5 Rg8 52. Qd7+ Qxd7 53.
Nxd7 1-0

[Event "46th World Open"]
[Site "Philadelphia"]
[Date "2018.07.07"]
[Round "6.1"]
[White "Sevian, Samuel"]
[Black "Le, Liem"]
[Result "1/2-1/2"]
[WhiteElo "2624"]
[BlackElo "2728"]
[PlyCount "102"]
[EventDate "2018.07.??"]
[EventType "swiss"]
[EventRounds "9"]
[EventCountry "USA"]

1. e4 c6 2. d4 d5 3. e5 Bf5 4. Nf3 e6 5. Be2 Ne7 6. c3 h6 7. O-O Nd7 8. Na3 Qc7
9. b3 g5 10. c4 a6 11. Nc2 dxc4 12. bxc4 O-O-O 13. Bb2 Bg7 14. Qc1 c5 15. d5
exd5 16. cxd5 Nxd5 17. e6 Ne5 18. Nxe5 Bxe5 19. Bxe5 Qxe5 20. exf7 Nf4 21. Bf3
Nd3 22. Qe3 Rhf8 23. Rad1 Qxe3 24. fxe3 Bh7 25. Bg4+ Kc7 26. Bf5 Rxf7 27. Bxh7
Rxh7 28. Nd4 cxd4 29. Rxd3 Rhd7 30. Rc1+ Kb6 31. Rcd1 Kc5 32. Rc1+ Kb4 33. Rb3+
Ka4 34. Rc4+ Ka5 35. Rxd4 Rxd4 36. exd4 b5 37. Ra3+ Kb6 38. Rh3 Rd6 39. Kf2 Ka5
40. Ke3 Kb4 41. Kd3 a5 42. Re3 a4 43. Re5 Rb6 44. d5 Kc5 45. Re6 Rd6 46. Rxd6
Kxd6 47. Kd4 b4 48. Kc4 b3 49. axb3 axb3 50. Kxb3 Kxd5 51. Kc3 Ke4 1/2-1/2

[Event "46th World Open"]
[Site "Philadelphia"]
[Date "2018.07.07"]
[Round "6.2"]
[White "Swiercz, Dariusz"]
[Black "Batista, Lazaro"]
[Result "1-0"]
[WhiteElo "2663"]
[BlackElo "2646"]
[PlyCount "152"]
[EventDate "2018.07.??"]
[EventType "swiss"]
[EventRounds "9"]
[EventCountry "USA"]

1. d4 Nf6 2. Nf3 e6 3. c4 d5 4. Nc3 Be7 5. Bf4 O-O 6. e3 b6 7. cxd5 Nxd5 8.
Nxd5 Qxd5 9. Be2 Bd6 10. Nd2 Bxf4 11. Bf3 Qb5 12. Bxa8 Bd6 13. Bf3 e5 14. Be2
Qxb2 15. O-O Be6 16. Bc4 Bf5 17. Nf3 Nd7 18. Bd3 Bxd3 19. Qxd3 exd4 20. exd4
Rd8 21. a4 Nc5 22. Qb5 Qxb5 23. axb5 Ne6 24. Rxa7 f6 25. g3 Rd7 26. d5 Nc5 27.
Nd2 Bf8 28. Nc4 Rxd5 29. Rxc7 Ne6 30. Rb7 Rxb5 31. Re1 Nc5 32. Rb8 Rb4 33. Nd6
Nd7 34. Rd8 Ne5 35. Rc1 Nf7 36. Nxf7 Kxf7 37. Rc7+ Be7 38. Rb7 Re4 39. Rd3 f5
40. Rxb6 Bf6 41. Kg2 h5 42. Rd5 Re5 43. Rxe5 Bxe5 44. h3 Bd4 45. Rc6 Be5 46.
Kf3 g6 47. Ke3 Kg7 48. Kd3 Kf7 49. Kc4 Bb2 50. Kd5 Ba1 51. Rc7+ Kf6 52. Rc1 Bb2
53. Rc2 Ba1 54. Ra2 Bc3 55. Kc4 Be1 56. Kd4 Bb4 57. Rc2 Bf8 58. Kd5 Kf7 59.
Rc7+ Kf6 60. Rb7 Bh6 61. Rb8 Bd2 62. Kd4 Bh6 63. Rb6+ Kf7 64. Rb7+ Kf6 65. Rc7
Ke6 66. Rc6+ Kf7 67. Kd5 Bf8 68. h4 Bh6 69. Rc7+ Kf6 70. Rc6+ Kf7 71. Rc4 Bf8
72. Rc6 Bh6 73. f4 Bf8 74. Rc7+ Kf6 75. Rb7 Ba3 76. Rb6+ Kf7 1-0

[Event "46th World Open"]
[Site "Philadelphia"]
[Date "2018.07.07"]
[Round "6.4"]
[White "Xiong, Jeffery"]
[Black "Li, Ruifeng"]
[Result "1/2-1/2"]
[WhiteElo "2655"]
[BlackElo "2583"]
[PlyCount "52"]
[EventDate "2018.07.??"]
[EventType "swiss"]
[EventRounds "9"]
[EventCountry "USA"]

1. e4 c5 2. Nf3 d6 3. d4 cxd4 4. Qxd4 Nc6 5. Bb5 a6 6. Bxc6+ bxc6 7. O-O e5 8.
Qe3 Ne7 9. Rd1 Qc7 10. b3 Ng6 11. c4 Be7 12. Nc3 O-O 13. Ba3 d5 14. Bxe7 d4 15.
Qg5 Nxe7 16. Na4 f6 17. Qg3 c5 18. Ne1 Bd7 19. Nd3 Bxa4 20. bxa4 Nc8 21. f4 Nd6
22. fxe5 Nxe4 23. Qf4 Nc3 24. Re1 fxe5 25. Qxe5 Qxe5 26. Rxe5 Nxa4 1/2-1/2

[Event "46th World Open"]
[Site "Philadelphia"]
[Date "2018.07.07"]
[Round "6"]
[White "Shmeliov, Denis"]
[Black "Akobian, Varuzhan"]
[Result "1/2-1/2"]
[WhiteElo "2460"]
[BlackElo "2654"]
[PlyCount "111"]
[EventDate "2018.07.??"]
[EventType "swiss"]
[EventRounds "9"]
[EventCountry "USA"]

1. d4 Nf6 2. c4 b6 3. Nc3 Bb7 4. Qc2 d5 5. cxd5 Nxd5 6. e4 Nxc3 7. bxc3 e6 8.
Nf3 Be7 9. Bb5+ c6 10. Bd3 c5 11. O-O Nd7 12. Bf4 Rc8 13. Qe2 O-O 14. Rfd1 Nf6
15. a4 Nh5 16. Be5 cxd4 17. cxd4 Nf6 18. Bf4 Nh5 19. Bd2 Qc7 20. g3 Nf6 21. a5
Rfd8 22. axb6 axb6 23. Bf4 Qd7 24. Rab1 Rc3 25. Rxb6 Rxd3 26. Rxd3 Bxe4 27.
Rdb3 Bd5 28. Rb1 Be4 29. R1b3 Bd5 30. Rb2 h6 31. Rb8 Bxf3 32. Qxf3 Nd5 33. R2b7
Qe8 34. Be5 f6 35. Qg4 Kf7 36. Rxd8 Qxd8 37. Qh5+ g6 38. Qxh6 fxe5 39. Qh7+ Kf6
40. dxe5+ Kxe5 41. Qxg6 Qf8 42. Qh5+ Qf5 43. Qe2+ Kf6 44. Rb3 Kg7 45. Rf3 Qh3
46. Qe5+ Bf6 47. Qe4 Be7 48. Rd3 Nf6 49. Qb7 Kf7 50. Qf3 e5 51. Rd1 e4 52. Qg2
Qf5 53. Re1 Bc5 54. h3 Kg6 55. Re2 Kf7 56. Re1 1/2-1/2

[Event "46th World Open"]
[Site "Philadelphia"]
[Date "2018.07.07"]
[Round "6"]
[White "Shimanov, Aleksandr"]
[Black "Liang, Awonder"]
[Result "1/2-1/2"]
[WhiteElo "2626"]
[BlackElo "2569"]
[PlyCount "50"]
[EventDate "2018.07.??"]
[EventType "swiss"]
[EventRounds "9"]
[EventCountry "USA"]

1. d4 Nf6 2. c4 e6 3. g3 d5 4. Bg2 Be7 5. Nf3 O-O 6. O-O Nbd7 7. Qc2 c6 8. b3
b6 9. Rd1 Ba6 10. Nbd2 c5 11. e4 dxc4 12. Nxc4 cxd4 13. e5 Nd5 14. Rxd4 Rc8 15.
a4 Qc7 16. Bb2 Rfd8 17. Rc1 Nf8 18. Qb1 Qb8 19. h4 b5 20. axb5 Qxb5 21. Rd3 Qb8
22. Nd4 Nb4 23. Rdd1 Bb7 24. Bxb7 Qxb7 25. Na5 Qa6 1/2-1/2

[Event "46th World Open"]
[Site "Philadelphia"]
[Date "2018.07.07"]
[Round "6"]
[White "Petrosian, Tigran L"]
[Black "Vorontsov, Pavlo"]
[Result "1/2-1/2"]
[WhiteElo "2607"]
[BlackElo "2564"]
[PlyCount "46"]
[EventDate "2018.07.??"]
[EventType "swiss"]
[EventRounds "9"]
[EventCountry "USA"]

1. Nf3 c5 2. g3 g6 3. Bg2 Bg7 4. c4 Nc6 5. Nc3 d6 6. O-O Bf5 7. d3 Qd7 8. Rb1
Bh3 9. a3 Bxg2 10. Kxg2 e6 11. Bd2 Nge7 12. b4 b6 13. h4 h6 14. Qc1 Nd4 15.
Nxd4 cxd4 16. Nd1 Qb7+ 17. f3 Nf5 18. e4 dxe3 19. Nxe3 Nd4 20. Nc2 Nf5 21. Ne3
Nd4 22. Nc2 Nf5 23. Ne3 Nd4 1/2-1/2

[Event "46th World Open"]
[Site "Philadelphia"]
[Date "2018.07.07"]
[Round "6"]
[White "Nestorovic, Nikola"]
[Black "Ghaem Maghami, Ehsan"]
[Result "1/2-1/2"]
[WhiteElo "2450"]
[BlackElo "2537"]
[PlyCount "30"]
[EventDate "2018.07.??"]
[EventType "swiss"]
[EventRounds "9"]
[EventCountry "USA"]

1. e4 c6 2. d4 d5 3. e5 c5 4. dxc5 e6 5. a3 Nc6 6. Nf3 Bxc5 7. b4 Bb6 8. Bb2
Nge7 9. Nbd2 Ng6 10. b5 Na5 11. h4 h6 12. h5 Ne7 13. Bd3 Bd7 14. Qe2 Rc8 15. a4
a6 1/2-1/2

[Event "46th World Open"]
[Site "Philadelphia"]
[Date "2018.07.07"]
[Round "6"]
[White "Bellahcene, Bilel"]
[Black "Jacobson, Brandon"]
[Result "1/2-1/2"]
[WhiteElo "2512"]
[BlackElo "2397"]
[PlyCount "140"]
[EventDate "2018.07.??"]
[EventType "swiss"]
[EventRounds "9"]
[EventCountry "USA"]

1. e4 c5 2. Nf3 Nc6 3. b4 Nxb4 4. c3 Nc6 5. d4 d6 6. Bd3 g6 7. Be3 Bg7 8. O-O
Nf6 9. h3 O-O 10. dxc5 dxc5 11. Bxc5 b6 12. Ba3 Qc7 13. Nbd2 Bb7 14. Re1 Nd7
15. Rc1 Nde5 16. Bf1 Rfd8 17. Nd4 Qd7 18. N2b3 Rac8 19. Qd2 e6 20. Red1 Nxd4
21. cxd4 Rxc1 22. Bxc1 Qa4 23. Qe2 Nc6 24. d5 exd5 25. exd5 Ne5 26. d6 Qc6 27.
Ba3 Qa4 28. Bc1 Qc6 29. f4 Nd7 30. Bb2 Qe4 31. Qxe4 Bxe4 32. Ba3 Nf6 33. Nd2
Bf8 34. Bb2 Rxd6 35. Nxe4 Nxe4 36. Re1 Rd2 37. Rxe4 Rxb2 38. a4 Bc5+ 39. Kh2
Kf8 40. Bb5 h5 41. Re2 Rb4 42. g3 h4 43. gxh4 Rxf4 44. h5 gxh5 45. Re8+ Kg7 46.
Ra8 a5 47. Rd8 h4 48. Rd2 f5 49. Kg2 Kf6 50. Re2 Rb4 51. Rd2 Ke5 52. Re2+ Kf4
53. Rc2 Rb3 54. Bc6 Bd4 55. Bd7 Ke4 56. Re2+ Be3 57. Rc2 f4 58. Bc6+ Kd3 59.
Ra2 Rb1 60. Kf3 Rg1 61. Rg2 Rc1 62. Bb5+ Kd4 63. Rg4 Rc2 64. Rxh4 Rf2+ 65. Kg4
Kc3 66. Bc6 Rf1 67. Rh5 Kd2 68. h4 Rg1+ 69. Kh3 Ke2 70. Rg5 Rc1 1/2-1/2

[Event "46th World Open"]
[Site "Philadelphia"]
[Date "2018.07.07"]
[Round "6"]
[White "Brown, Michael William"]
[Black "Shetty, Atulya"]
[Result "1-0"]
[WhiteElo "2512"]
[BlackElo "2382"]
[PlyCount "65"]
[EventDate "2018.07.??"]
[EventType "swiss"]
[EventRounds "9"]
[EventCountry "USA"]

1. c4 Nf6 2. Nc3 c5 3. Nf3 Nc6 4. e3 d5 5. cxd5 Nxd5 6. Bb5 Nxc3 7. bxc3 Bd7 8.
O-O e6 9. d4 Be7 10. Rb1 O-O 11. e4 a6 12. Be2 cxd4 13. cxd4 b5 14. Bf4 Na5 15.
Bd3 Nc4 16. Qe2 Rc8 17. Rfe1 Qa5 18. h4 Na3 19. Rbc1 Rxc1 20. Rxc1 Rc8 21.
Rxc8+ Bxc8 22. h5 h6 23. d5 Qd8 24. Ne5 Bg5 25. Nc6 Qe8 26. Bxg5 hxg5 27. Qe3
exd5 28. Qc5 Kh8 29. Ne7 Bb7 30. exd5 Nc4 31. d6 Qd7 32. Qxg5 Qxd6 33. Qf5 1-0

[Event "46th World Open"]
[Site "Philadelphia"]
[Date "2018.07.07"]
[Round "6"]
[White "Gorovets, Andrey"]
[Black "Niemann, Hans"]
[Result "0-1"]
[WhiteElo "2498"]
[BlackElo "2313"]
[PlyCount "89"]
[EventDate "2018.07.??"]
[EventType "swiss"]
[EventRounds "9"]
[EventCountry "USA"]

1. d4 d5 2. Bf4 Nf6 3. e3 e6 4. Nd2 c5 5. c3 Nc6 6. Ngf3 Bd6 7. Bg3 O-O 8. Bd3
Qe7 9. Ne5 Nd7 10. Nxd7 Bxd7 11. Bxd6 Qxd6 12. dxc5 Qxc5 13. Bxh7+ Kxh7 14.
Qh5+ Kg8 15. Ne4 Qc4 16. Ng5 Rfd8 17. Qxf7+ Kh8 18. Qh5+ Kg8 19. Rd1 e5 20.
Qf7+ Kh8 21. Qh5+ Kg8 22. Qf7+ Kh8 23. h4 Qg4 24. Qg6 Kg8 25. Qh7+ Kf8 26. Qh8+
Ke7 27. Qxg7+ Kd6 28. Nf7+ Ke7 29. Ng5+ Kd6 30. Nf7+ Ke7 31. Qxg4 Bxg4 32. Nxd8
Rxd8 33. f3 Be6 34. Kf2 e4 35. f4 Bg4 36. Rdg1 Kf6 37. h5 Ne7 38. Rh4 Kf5 39.
Rgh1 d4 40. cxd4 Rc8 41. h6 Nd5 42. h7 Rc2+ 43. Kg3 Nxe3 44. Rh5+ Ke6 45. Re5+
0-1

[Event "46th World Open"]
[Site "Philadelphia"]
[Date "2018.07.07"]
[Round "6"]
[White "Acor, Corey"]
[Black "Huang, Qiuyu"]
[Result "1/2-1/2"]
[WhiteElo "2269"]
[BlackElo "2108"]
[PlyCount "69"]
[EventDate "2018.07.??"]
[EventType "swiss"]
[EventRounds "9"]
[EventCountry "USA"]

1. e4 c5 2. Nc3 Nc6 3. g3 g6 4. Bg2 Bg7 5. d3 d6 6. Be3 e5 7. f4 Nf6 8. Nf3 Ng4
9. Bd2 f5 10. exf5 gxf5 11. O-O O-O 12. Rb1 Kh8 13. h3 Nf6 14. Nh4 Nd4 15. Be3
Rb8 16. Ne2 Ng8 17. c3 Nxe2+ 18. Qxe2 b6 19. Rbe1 Be6 20. Nf3 Bd5 21. Bd2 Bxf3
22. Bxf3 b5 23. g4 Ne7 24. Bg2 Qd7 25. Rf2 Ng6 26. gxf5 Rxf5 27. Be4 Nxf4 28.
Bxf4 Rxf4 29. Qh5 Bf6 30. Rxf4 exf4 31. Bd5 Qg7+ 32. Kh1 Qg6 33. Qxg6 hxg6 34.
Re6 Be5 35. Rxg6 1/2-1/2

[Event "46th World Open"]
[Site "Philadelphia"]
[Date "2018.07.07"]
[Round "6"]
[White "Sherman, David"]
[Black "Sinha, Sahil"]
[Result "0-1"]
[WhiteElo "2010"]
[BlackElo "2250"]
[PlyCount "52"]
[EventDate "2018.07.??"]
[EventType "swiss"]
[EventRounds "9"]
[EventCountry "USA"]

1. Nf3 Nf6 2. c4 e6 3. Nc3 b6 4. g3 Bb7 5. Bg2 Be7 6. O-O O-O 7. b3 d5 8. cxd5
exd5 9. d4 Nbd7 10. Ne5 c5 11. Nxd7 Qxd7 12. Bb2 Rfe8 13. Rc1 Rac8 14. e3 c4
15. bxc4 Rxc4 16. Re1 a6 17. Bf1 Rc6 18. Qb3 b5 19. Ba3 Rec8 20. Bxe7 Qxe7 21.
a3 Ne4 22. Nxd5 Qe6 23. Rxc6 Bxc6 24. Bh3 Qxh3 25. Ne7+ Kf8 26. Nxc8 Nc5 0-1

[Event "46th World Open"]
[Site "Philadelphia"]
[Date "2018.07.07"]
[Round "6"]
[White "Andrews, Todd"]
[Black "Tanenbaum, Zachary"]
[Result "1/2-1/2"]
[WhiteElo "2243"]
[BlackElo "2107"]
[PlyCount "185"]
[EventDate "2018.07.??"]
[EventType "swiss"]
[EventRounds "9"]
[EventCountry "USA"]

1. e4 e5 2. Nf3 Nc6 3. Bb5 a6 4. Ba4 d6 5. c4 Nf6 6. d4 Bd7 7. d5 Ne7 8. Bxd7+
Nxd7 9. Nc3 Ng6 10. O-O Be7 11. Be3 O-O 12. Qc2 Nf6 13. b4 Qd7 14. Ne1 Nh5 15.
f3 a5 16. bxa5 Rxa5 17. Rb1 b6 18. Nd3 Nhf4 19. Nb4 f5 20. Nc6 Ra3 21. Bxf4
Nxf4 22. Nb5 Re3 23. Rbe1 Rxe1 24. Rxe1 fxe4 25. Qxe4 Bh4 26. Re3 Rf6 27. Nxe5
dxe5 28. Qxe5 Rf8 29. Nxc7 Qa4 30. Qa1 Qxc4 31. Ne8 Rf7 32. Re4 Qxd5 33. Rxf4
Qc5+ 34. Kh1 Re7 35. Rxh4 Rxe8 36. Qb1 h6 37. Re4 Rd8 38. h4 b5 39. Rg4 Rd2 40.
Qb3+ Kh8 41. a4 Qc1+ 42. Kh2 Qc7+ 43. Kh3 bxa4 44. Qxa4 Re2 45. Qb4 Qd7 46.
Qf8+ Kh7 47. h5 Re5 48. Kh4 Re1 49. Qc5 Qe8 50. Qf5+ Kh8 51. Rc4 Re5 52. Qg6
Qd8+ 53. Kh3 Qd7+ 54. Rg4 Rg5 55. Qb6 Rxh5+ 56. Kg3 Rd5 57. Qb8+ Kh7 58. Qb1+
Qf5 59. Qe4 Qxe4 60. fxe4 Rd3+ 61. Kf4 Kg8 62. Ke5 Kf7 63. Rf4+ Ke7 64. Rf2 Rg3
65. Ra2 Rg5+ 66. Kf4 Rb5 67. Ra7+ Kf6 68. Ra6+ Kf7 69. e5 Rb2 70. Ra7+ Kf8 71.
g4 Rb6 72. Rc7 Ra6 73. Rd7 Rb6 74. Ke4 Rb4+ 75. Kf5 Rb6 76. Rd6 Rb8 77. Ra6 Kf7
78. Ra7+ Kf8 79. Rc7 Ra8 80. Ke6 Ra6+ 81. Kd5 Ra5+ 82. Ke4 Ra4+ 83. Kf5 Ra6 84.
Rd7 Rb6 85. Rd6 Rxd6 86. exd6 Kf7 87. Ke5 g6 88. Kd5 Ke8 89. Ke6 h5 90. gxh5
gxh5 91. Kf5 Kd7 92. Kg5 Kxd6 93. Kxh5 1/2-1/2

[Event "46th World Open"]
[Site "Philadelphia"]
[Date "2018.07.07"]
[Round "6"]
[White "Puckett, Matthew"]
[Black "Homa, Seth"]
[Result "1/2-1/2"]
[WhiteElo "2106"]
[BlackElo "2239"]
[PlyCount "81"]
[EventDate "2018.07.??"]
[EventType "swiss"]
[EventRounds "9"]
[EventCountry "USA"]

1. d4 Nf6 2. c4 e6 3. g3 d5 4. Nf3 dxc4 5. Bg2 a6 6. O-O Nc6 7. e3 Bd7 8. Qe2
Bd6 9. Qxc4 O-O 10. Qe2 e5 11. dxe5 Nxe5 12. Nxe5 Bxe5 13. Rd1 Qc8 14. Nc3 Bg4
15. f3 Bh3 16. e4 Bxg2 17. Kxg2 Re8 18. Be3 Bxc3 19. bxc3 Qe6 20. Bf2 Rad8 21.
Rd4 Rd7 22. Rad1 Red8 23. Qb2 b6 24. Qb3 h5 25. h3 Qxb3 26. axb3 c5 27. Rxd7
Rxd7 28. Ra1 a5 29. b4 axb4 30. cxb4 cxb4 31. Rb1 Rd2 32. Rxb4 Nd7 33. Kf1 Ne5
34. Rb3 b5 35. f4 Nc4 36. Rxb5 Ra2 37. Rb4 Nd2+ 38. Kg2 f6 39. g4 hxg4 40. hxg4
g6 41. f5 1/2-1/2